OECD Reviews of Innovation Policy: France 2014

Ebook from OECD

Zapisane w:
Opis bibliograficzny
Kolejni autorzy: OECD
Format: Książka
Język:Undetermined
Wydane: OECD 2014
Hasła przedmiotowe:
Dostęp online:http://lrc.tdmu.edu.vn/opac/search/detail.asp?aID=2&ID=40341
Etykiety: Dodaj etykietę
Nie ma etykietki, Dołącz pierwszą etykiete!
Thư viện lưu trữ: Trung tâm Học liệu Trường Đại học Thủ Dầu Một
LEADER 00618nam a2200181Ia 4500
001 TDMU_40341
008 210410s9999 xx 000 0 und d
082 |a 684.106089 
245 0 |a OECD Reviews of Innovation Policy: France 2014 
245 0 |c OECD 
260 |b OECD 
260 |c 2014 
300 |a 280tr 
520 |a Ebook from OECD 
650 |a SME  |x Innovation Policy  |z France; Doanh nghiệp  |x Đổi mới  |x R&D  |z Pháp; Economic  |x The most R&D 
700 |a OECD 
856 |u http://lrc.tdmu.edu.vn/opac/search/detail.asp?aID=2&ID=40341 
980 |a Trung tâm Học liệu Trường Đại học Thủ Dầu Một